000 00557nam a22001937a 4500
003 BUBTL
008 190625b xxu||||| |||| 00| 0 eng d
020 _a978-93-325-8474-7
082 _a620.1 / HIE
100 _92356
_aHibbeler, R.C.
245 _aEngineering Mechanics :
_bStatics And Dynamics /
_cR. C. Hibbeler
250 _a14th ed.
260 _aIndia :
_bPearson,
_cc2017.
300 _axxv, 1301 p. :
_bill. ;
_c25 cm.
650 0 _92171
_aCivil Engineering
856 _k0
_l0
_yDownload
942 _2ddc
_cBK
999 _c6082
_d6082